Fluency5 with information technology : skills, concepts 7 capabilities
Αποθηκεύτηκε σε:
| Κύριος συγγραφέας: | |
|---|---|
| Μορφή: | Βιβλίο |
| Γλώσσα: | English |
| Δημοσίευση: |
Boston :
Pearson,
c2013
|
| Έκδοση: | 5th ed. |
| Θέματα: | |
| Ετικέτες: |
Προσθήκη ετικέτας
Δεν υπάρχουν, Καταχωρήστε ετικέτα πρώτοι!
|
MARC
| LEADER | 00000nam a2200000 i 4500 | ||
|---|---|---|---|
| 001 | 1/38260 | ||
| 008 | 131113s2013 eng d | ||
| 020 | |a 978-0-273-77438-9 (pbk.) | ||
| 020 | |a 0-273-77438-7 (pbk.) | ||
| 035 | |l 10115986 | ||
| 040 | |a GR-MY-UA |b gre |e aacr | ||
| 041 | 0 | |a eng | |
| 082 | 0 | |a 004 |2 (22) | |
| 100 | 1 | |a Snyder, Lawrence. | |
| 245 | 1 | 0 | |a Fluency5 with information technology : |b skills, concepts 7 capabilities / |c Lawrence Snyder ; international edition contributions by Soumi Paul |
| 250 | |a 5th ed. | ||
| 260 | |a Boston : |b Pearson, |c c2013 | ||
| 300 | |a 832 σ.; |b διαγρ., εικ., πίν.; |c 26 εκ. | ||
| 504 | |a Ευρετήριο: σ.805-828 | ||
| 650 | 0 | 0 | |a Information technology. |
| 650 | 0 | 0 | |a Computer literacy. |
| 852 | |a INST |b CHIOS |e 20131113 |h 004 SNY |p 005200037116 |q 005200037116 |t BK |y 0 | ||
| 901 | |a BIBL2-2013-3 | ||
| 909 | |a Χ |b 181693 | ||
| 922 | |a 2ΕΛΗ |b 201307 |c TAK/ΤΔΕ |d ΔΡΕΣ | ||
| 970 | |a ΣΠΕΝΤΖΑ |b ΕΛΕΝΗ |z 2013/11/13 | ||